000 00413nam a2200157Ia 4500
008 230711s9999||||xx |||||||||||||| ||und||
041 _aENG
082 _a677
_bGR-T
100 _aGrover,Elliot B
245 0 _aHandbook of textile testing and quality control
250 _a1st . Ed.
260 _c1988
_aNew Delhi
_bWiley Eastern Limited
650 _aTextile Engineering
700 _aHamby,Dame S
942 _cBK
999 _c3645
_d3645